Normal view
MARC view
- MUHAMMAD HAMZA SATTAR SAIF UR REHMAN SHAHZAIB TARIQ
Entry Personal Name
001 - CONTROL NUMBER
- control field: 71044
003 - CONTROL NUMBER IDENTIFIER
- control field: NUST
005 - DATE AND TIME OF LATEST TRANSACTION
- control field: 20210628204601.0
008 - FIXED-LENGTH DATA ELEMENTS
- fixed length control field: 210628|| aca||aabn | a|a d
040 ## - CATALOGING SOURCE
- Original cataloging agency: NUST
- Transcribing agency: NUST
100 ## - HEADING--PERSONAL NAME
- Personal name: MUHAMMAD HAMZA SATTAR SAIF UR REHMAN SHAHZAIB TARIQ
670 ## - SOURCE DATA FOUND
- Source citation: Work cat.: (NUST): MUHAMMAD HAMZA SATTAR SAIF UR REHMAN SHAHZAIB TARIQ, PR-SOF-1613-RELIABILITY BASED DESIGN OF AN OFFSHORE WIND TURBINE, 2017
